000
00342 a2200157 4500
001
178541
020
_a
040
_c
Magnum
100
_a
Góes, Lúcia Pimentel
240
1
0
_a
A horta do horacio
_l
por
245
1
0
_a
A horta do horacio
362
0
_a
1899
440
1
_a
Scipione
697
_a
MAGNITO: I/AVENTURA, CRIANCAS
942
_c
BK
999
_c
178541
_d
178541